[Event "Fouesnant op 14th"]
[Site "Fouesnant"]
[Date "2008.10.27"]
[Round "4"]
[White "Martinez, Rodolphe"]
[Black "Le Moy, Patrick"]
[Result "1/2-1/2"]
[WhiteElo "1926"]
[BlackElo "1806"]
[PlyCount "96"]
[EventDate "2008.10.25"]
[EventType "swiss"]
[EventRounds "9"]
[EventCountry "FRA"]
[SourceTitle "EXT 2009"]
[Source "ChessBase"]
[SourceDate "2008.11.26"]
[SourceVersion "1"]
[SourceVersionDate "2008.11.26"]
[SourceQuality "1"]

1. d4 Nf6 2. Nf3 d5 3. c4 c6 4. e3 Bg4 5. Nc3 e6 6. Qb3 Bxf3 7. gxf3 b6 8. Bd2 Nbd7 9. cxd5 cxd5 10. Ba6 Be7 11. Rc1 0-0 12. f4 Ne8 13. Nb5 Ndf6 14. f3 Nh5 15. Ke2 Kh8 16. Bb4 Bxb4 17. Qxb4 Rg8 18. h4 g6 19. Kf2 Nhg7 20. Rcg1 Nf5 21. h5 Nf6 22. hxg6 fxg6 23. Qc3 Qe7 24. a3 Rg7 25. Qc6 Rag8 26. Nc7 Qd6 27. Qxd6 Nxd6 28. Nxe6 Re7 29. Ng5 Nf5 30. Re1 Kg7 31. Re2 h6 32. Nh3 Kf7 33. Rd1 g5 34. fxg5 hxg5 35. e4 dxe4 36. Bc4+ Kg6 37. Bxg8 e3+ 38. Kg2 Nxg8 39. Rd3 Ngh6 40. d5 Nh4+ 41. Kh1 N6f5 42. d6 Rd7 43. Rexe3 Nxe3 44. Rxe3 Rxd6 45. b4 Kf6 46. Nf2 Nf5 47. Ne4+ Kg6 48. Nxd6 Nxd6 1/2-1/2